• 首页
  • 本馆介绍
  • 公告通知
  • 最新文献
  • 馆藏检索
  • 电子资源
  • 读者导购
  • 参考咨询
  • 我的图书馆
  • 登录
  • 详细信息显示
  • 放入我的书架
  • 预约/预借图书
  • 作者相关作品
  • 分类相关作品
  • 丛书相关作品
  • 出版社相关作品

书目信息

  • 表格格式
  • 工作单格式
  • 卡片格式
题名:
巴尔蒂斯
    
 
作者: 啸声 编著
分册:  
出版信息: 南昌   江西美术出版社  2013.01
页数: 217页
开本: 29cm
丛书名: 《当代欧美具象艺术》丛书
单 册:
中图分类: J233(565) , J234(565)
科图分类:
主题词: 油画--作品集--法国--现代 , 素描--作品集--法国--现代 , 油画 , 素描
电子资源:
ISBN: 978-7-5480-1787-5
000 01013oam2 2200325 450
001 010700147297
005 20140612094157.93
010    @a978-7-5480-1787-5@dCNY78.00
100    @a20130417d2013 em y0chiy50 ea
101 0  @achi
102    @aCN@b360000
105    @aa z 000yy
106    @ar
200 1  @a巴尔蒂斯@9ba er di si@dBalthus@f啸声编著@zeng
210    @a南昌@c江西美术出版社@d2013.01
215    @a217页@c图,照片@d29cm
225 2  @a《当代欧美具象艺术》丛书
330    @a本书主要内容包括:至北京书;巴尔蒂斯论艺术;纪念阿尔贝托·贾科梅蒂;巴尔蒂斯致啸声六函;巴尔蒂斯生平年表;绘画作品等。
333    @a美术爱好者
461  0 @12001 @a《当代欧美具象艺术》丛书
510 1  @aBalthus@zeng
606 0  @a油画@x作品集@y法国@z现代
606 0  @a素描@x作品集@y法国@z现代
606 0  @a油画
606 0  @a素描
690    @aJ233(565)@v5
690    @aJ234(565)@v5
701  0 @a啸声@9xiao sheng@f(1938-)@4编著
801  0 @aCN@b人天书店@c20130417
905    @b548631-33@dJ233(565)@e101@f3
    
    巴尔蒂斯=Balthus/啸声编著.-南昌:江西美术出版社,2013.01
    217页:图,照片;29cm.-(《当代欧美具象艺术》丛书)
    使用对象:美术爱好者
    
    ISBN 978-7-5480-1787-5:CNY78.00
    本书主要内容包括:至北京书;巴尔蒂斯论艺术;纪念阿尔贝托·贾科梅蒂;巴尔蒂斯致啸声六函;巴尔蒂斯生平年表;绘画作品等。
●
相关链接 在E读中查询图书 在五车中查询图书 在当当中查询图书 在豆瓣中查询图书


正题名:巴尔蒂斯     索取号:J233(565)/101         预约/预借

序号 登录号 条形码 馆藏地/架位号 状态 备注
1 548631   205486311   第一样本阅览室/ [索取号:J233(565)/101] 在馆    
2 548632   205486320   第一借阅区/ [索取号:J233(565)/101] 在馆    
3 548633   205486339   第一借阅区/ [索取号:J233(565)/101] 在馆    
唐山师范学院图书馆 欢迎您!
大连网信软件有限公司© 版权所有